#1 Lyrics erraten - Statistiken

Allgemein
  • Dieses Quiz wurde 152 mal gespielt
  • Das Durchschnittsergebnis liegt bei 109 aus 263
Antwortstatistiken
Antwort % Korrekt
ich
98%
ich,
98%
du
93%
es
78%
"Es
78%
Und
78%
und
78%
der
75%
Der
75%
Das
74%
Die
71%
die
71%
den
68%
so
64%
ist
63%
wie
63%
wär,
62%
war
62%
wär
62%
wenn
59%
"Geh"
58%
nicht
54%
was
54%
an,
53%
zu
51%
Hab`
49%
mich
44%
dich
43%
uns
43%
immer,
40%
immer
40%
schon
39%
"Bleib",
38%
doch
38%
noch
38%
am
37%
Zeit
36%
Hast
35%
über
35%
Herz
34%
viel
34%
sagt:
33%
deine
32%
Kopf
32%
wird
32%
mal
30%
mehr
30%
mehr"
30%
geht
29%
lang
29%
Oh,
29%
schreit:
29%
Auch
28%
aus
27%
bleibe
26%
jetzt
26%
weiß
26%
Moment
24%
oft
23%
sich
22%
sich,
22%
Verpass
22%
Vergess`
20%
angesehen
19%
Wein
19%
Anfang
18%
genau,
18%
genau
18%
leer
18%
Augen
17%
schwer,
17%
denkst
15%
früher
15%
ganz
15%
halb
15%
versucht,
15%
kommst
13%
gesagt:
11%
grad
11%
Raum
11%
Fühlt
10%
Haare
10%
längst
10%
näher
10%
tanzt
10%
Trägst
10%
treffen
10%
Zug
10%
richtig
8%
falsch
7%
Musik
7%
verschenkt
6%
geh´n
5%
steh´n
5%
Verpass´
4%
Lass´
3%
versteh´n
3%
abgefahr´n,
2%
Hab´n
2%
Zeit wär
1%
Keine übereinstimmenden Quizze gefunden
Verteilung der Resultate
Anzahl Personen mit jedem Resultat
Perzentil nach korrekt beantworteten Fragen
Ihre Resultats-Entwicklung
Sie haben dieses Quiz noch nicht gespielt